| 000 | 00632nam a22001937a 4500 | ||
|---|---|---|---|
| 999 |
_c169830 _d169830 |
||
| 005 | 20191216111931.0 | ||
| 010 | _aA-564437 | ||
| 020 | _c400.00 | ||
| 035 | _aA-564437 | ||
| 037 | _bBPPD/Pub. | ||
| 082 | _a800.9 | ||
| 100 | _aوہاب اشرفی | ||
| 245 |
_aتاریخ ادبیات عالم (جلد اول) / _cوہاب اشرفی |
||
| 246 |
_aTareekh-e-Adbyat Alam vol.1 (Urdu) / _bby Wahab Ashrafi |
||
| 260 |
_aDelhi _bEducational Publishing House _c1992 |
||
| 270 |
_bDelhi _e110006 _a3108 Gali Wakeel, Kucha Pandit, Lal Kuan |
||
| 300 |
_a456p.: _c21cm(Hb) |
||
| 942 |
_2ddc _cUR _h800.9 _mو ھ ا |
||